000 00754nam a2200265 4500
003 OSt
005 20260530115301.0
008 260508b2001 |||a|||| |||| 001 0 che d
040 _aICI
_bspa
_cICI
050 _aNK1390
_bP55
100 1 _aPile, John
245 1 0 _aThe Vernacular Mirror:
_bTwentieth Century Design/
_cPile, John
264 1 _bKorea Design Center
_c2001
_aSeoul
300 _a144 páginas
336 _atexto
_2rdacontent
337 _asin medio
_2rdamedia
338 _avolumen
_2rdacarrier
650 _aDiseño industrial
_ySiglo XX
650 _aDiseño contemporáneo
650 _aDiseño y sociedad
650 _aCultura material
650 _aEstética industrial
650 _aHistoria del diseño
942 _2lcc
_cBK
_n1
999 _c12856
_d12856